| 000 | 00989nas a22002891i#4500 | ||
|---|---|---|---|
| 001 | 2613 | ||
| 003 | ES-MaACL | ||
| 005 | 20250710063338.0 | ||
| 008 | 950801d1873uuuusp a| | 1 ||pa d | ||
| 022 | _a2173-5654 | ||
| 080 | _a133.9(460)"18" | ||
| 080 | _a(059)(460) | ||
| 245 | 0 | 0 |
_aAlmanaque del espiritismo : _bescrito con la colaboración de varios espiritistas. |
| 260 |
_aMadrid : _bSociedad Espiritista Española, _c1873- ( _fImp. José Martín Alcántara) |
||
| 300 |
_a1 v. ; _c23 cm. |
||
| 310 | _aAnual | ||
| 362 | 0 | _aAño 1. (1873)- | |
| 530 | _aDisponible en formato digital | ||
| 650 | 7 |
_aEspiritismo- _zEspaña _9154040 |
|
| 655 | 0 |
_aAlmanaques _9241262 |
|
| 710 | 2 |
_aSociedad Espiritista Española. _eedt _9134891 |
|
| 852 |
_aES-MaACL _cDEPOF _jT-155-F-5 |
||
| 856 |
_uhttps://hemerotecadigital.bne.es/hd/issn/2173-5654 _yVersión en línea: 1873-75 _z(Hemeroteca Digital) |
||
| 866 | 0 | _o1874. | |
| 942 |
_2udc _cPERIODICA _n0 |
||
| 999 |
_c2613 _d2613 |
||